Acceso al poder versus ejercicio del poder: democracia y patrimonialismo en América Latina /
সংরক্ষণ করুন:
| প্রধান লেখক: | |
|---|---|
| বিন্যাস: | পাঠ্য |
| ট্যাগগুলো: |
ট্যাগ যুক্ত করুন
কোনো ট্যাগ নেই, প্রথমজন হিসাবে ট্যাগ করুন!
|
MARC
| LEADER | 00000 a a2200000 04500 | ||
|---|---|---|---|
| 001 | 18914 | ||
| 003 | |||
| 040 | |||
| 100 | |a Mazzuca, Sebastián | ||
| 245 | |a Acceso al poder versus ejercicio del poder: |b democracia y patrimonialismo en América Latina / |c Sebastián Mazzuca | ||
| 773 | |g número 245; páginas 49-75 | ||
| 999 | |c 39899 |d 39899 | ||
